Pays les plus proches de la Belgique - Statistiques

Statistiques générales
  • Ce quiz a été pris 392 fois
  • Le résultat moyen est 17 sur 20
Statistiques - réponses
km pays % Correct
0 Allemagne
100%
0 France
100%
0 Luxembourg
99%
0 Pays-Bas
98%
254 Suisse
96%
426 Italie
95%
80 Royaume-Uni
94%
450 Danemark
89%
357 Autriche
88%
595 Pologne
88%
658 Suède
86%
734 Norvège
83%
622 Irlande
81%
404 Tchèquie
78%
657 Monaco
73%
372 Liechtenstein
72%
785 Slovaquie
72%
668 Slovénie
72%
731 Croatie
63%
799 Saint-Marin
56%
Aucun quiz correspondant
Distribution des résultats
% des personnes avec chaque résultat
Percentile par nombre de réponses
Votre historique - résultats
Vous n’avez pas pris ce quiz